000 00467nmm a2200157Ia 4500
008 251105s9999||||xx |||||||||||||||||und||
020 _a9788491165897
041 _aspa
100 _aSegura Bernal, Jordi
245 0 _aPsicología aplicada al deporte adaptado
264 _a[Madrid, España] :
_bUniversitat Oberta de Catalunya,
_c2017
300 _a288 páginas
650 _aPsychology
856 _uhttps://public.digitaliapublishing.com/a/47356
942 _cCF
999 _c88420
_d88420